00912 2200301 4500001002100000005001700021008004100038020001900079035002400098040001200122082001700134084002300151090002700174100001800201245012800219250001100347260006500358300003600423650001100459700001800470700001900488700001600507700002100523850001200544990001800556990001800574990001800592INLIS00000000002202520160816144851.0  a978-3045-93-05 0010-081600000000382 aYOPDYOG a398.20959813 a398.20959813 Yul H aBTR 398.20959813 Yul H aYulizal Yunus aHimpunan Cerita Rakyat Sumatera Barat : Ibu Yang Menyusukan Anaknya Di Bulanc/ Yulizal Yunus, dkk. ; editor, Zelfeni Wimra aCet. 1 aPadangbDinas Kebudayaan Dan Pariwisata Sumatera Baratc2010 axi, 112 hlm.b: ilus.c; 23 cm. aFoklor aZelfeni Wimra aAlee Kitonanma aDeddy Arsya aIlhami El Yunusy aYOPDYOG a52644-PD/A.16 a52645-PD/A.16 a52646-PD/A.16